Statistics for 2010 NBA Playoffs

Click here to take the quiz!

General Stats

  • This quiz has been taken 285 times
  • The average score is 23 of 40

Answer Stats

HintAnswer% Correct
First RoundBoston Celtics
88%
Conference SemifinalsBoston Celtics
85%
First RoundCleveland Cavaliers
85%
NBA FinalsBoston Celtics
84%
Conference FinalsBoston Celtics
84%
First RoundLos Angeles Lakers
84%
NBA FinalsLos Angeles Lakers
83%
Conference FinalsLos Angeles Lakers
83%
Conference SemifinalsLos Angeles Lakers
82%
Conference SemifinalsCleveland Cavaliers
77%
First RoundSan Antonio Spurs
76%
Conference SemifinalsSan Antonio Spurs
74%
Conference SemifinalsOrlando Magic
72%
First RoundOrlando Magic
71%
Conference FinalsOrlando Magic
71%
First RoundMiami Heat
69%
First RoundChicago Bulls
64%
Conference SemifinalsPhoenix Suns
64%
First RoundPhoenix Suns
64%
First RoundAtlanta Hawks
62%
Conference FinalsPhoenix Suns
62%
First RoundOklahoma City Thunder
61%
First RoundDallas Mavericks
60%
Points NBA FinalsKobe Bryant
60%
Conference SemifinalsAtlanta Hawks
58%
First RoundDenver Nuggets
55%
First RoundUtah Jazz
55%
Conference SemifinalsUtah Jazz
53%
Rebounds NBA FinalsPau Gasol
50%
First RoundPortland Trail Blazers
49%
Assists NBA FinalsRajon Rondo
48%
First RoundMilwaukee Bucks
46%
Steals NBA FinalsKobe Bryant
43%
Blocks NBA FinalsPau Gasol
40%
First RoundCharlotte Bobcats
34%
Points PlayoffsDwyane Wade
20%
Blocks PlayoffsDwight Howard
18%
Assists PlayoffsDeron Williams
8%
Steals PlayoffsManu Ginobili
4%
Rebounds PlayoffsCarlos Boozer
3%

Score Distribution

Percentile by Number Answered

Percent of People with Each Score

Your Score History

You have not taken this quiz